000 00819cab a2200241 4500
001 WB3019-06
008 090401t1994 xxu||||| |||| 00| 0 eng d
035 _a(Sirsi) u52961
041 _aeng
245 _aRailway supermarkets
260 _c1994
350 _a0
490 _aConstruction News
_v(6365) 19 May 1994, 2(1)
520 _aTesco has announced plans to build supermarkets above suburban railway stations following government policy clamp down on out-of-town shopping centres. This would provide a prototype for a new generation of air-rights developments.
650 _aAIR RIGHTS
650 _aGERRARDS CROSS
650 _aRAILWAY STATIONS
650 _aRETAIL DEVELOPMENT
650 _aTOWN CENTRES
690 _aBUILT ENVIRONMENT-CONSTRUCTION DESIGN
942 _n0
948 _c04/03/1997
999 _c32679
_d32679